[Event "GRE-chT U16 9th"]
[Site "Thessaloniki"]
[Date "2016.12.18"]
[Round "6.4"]
[White "Alexakis, Aleksandros"]
[Black "Kiousi, Panagiota"]
[Result "1/2-1/2"]
[WhiteElo "1031"]
[BlackElo "1477"]
[PlyCount "154"]
[EventDate "2016.12.15"]
[EventType "team-swiss"]
[EventRounds "6"]
[EventCountry "GRE"]
[SourceTitle "CBM 176 Extra"]
[Source "ChessBase"]
[SourceDate "2017.03.02"]
[SourceVersion "1"]
[SourceVersionDate "2017.03.02"]
[SourceQuality "1"]
[WhiteTeam "Peiraikos"]
[BlackTeam "Petropoulis Dias"]
[WhiteTeamCountry "GRE"]
[BlackTeamCountry "GRE"]

1. e4 c5 2. Nc3 Nc6 3. g3 g6 4. Bg2 Bg7 5. Nge2 e6 6. 0-0 Nge7 7. d3 0-0 8. Be3 b6 9. Qd2 Re8 10. Rab1 Bb7 11. f4 Rc8 12. Nb5 d5 13. Rfd1 d4 14. Bf2 Qd7 15. g4 f5 16. gxf5 exf5 17. e5 Rb8 18. c4 Nd8 19. Nd6 Rf8 20. Bh4 Bxg2 21. Kxg2 Nc8 22. Nxc8 Rxc8 23. Bxd8 Qxd8 24. Ng1 Re8 25. Nf3 Qd7 26. b3 Qc6 27. Re1 Rc7 28. Re2 Rce7 29. Rbe1 Re6 30. Kf2 R6e7 31. Qd1 Bh6 32. Qd2 Bg7 33. Qd1 Bh6 34. Qd2 Bg7 35. Qd1 Qc7 36. Qc2 Qc6 37. Qd1 Qc7 38. Qc1 Qb8 39. Qd2 Qc7 40. Qb2 a5 41. a4 Bh6 42. Qc1 Re6 43. Qd2 Bg7 44. Kf1 Qb7 45. Kf2 Qc6 46. Qc2 Qa8 47. Qa2 Qb7 48. Qb1 Qc7 49. Qb2 Bh6 50. Qd2 Bg7 51. Qd1 Qb7 52. Qb1 R6e7 53. Qa2 Re6 54. Qb1 Qb8 55. Qb2 Qd8 56. Qd2 Qc7 57. Qc2 Bf8 58. Qd2 Bg7 59. Qa2 Qa7 60. Qc2 Qb7 61. Qd1 Qb8 62. Qd2 Qc7 63. Qd1 Qc8 64. Qd2 Qb7 65. Qa2 Qc8 66. Qb2 Qb8 67. Qc2 R6e7 68. Qd1 Qc8 69. Kg2 Qa8 70. Kf2 Bh6 71. Qc1 Bg7 72. Qb2 Qb7 73. Qc2 Qc6 74. Qd1 Qa8 75. Qb1 Qb7 76. Qb2 Rd8 77. Qc2 Rde8 1/2-1/2